Flags of the Countries that were in the Cold War - Statistics

General Stats
  • This quiz has been taken 134 times
  • The average score is 75 of 96
Answer Stats
Picture Hint Answer % Correct
NATO Canada
100%
NATO France
99%
NATO Greece
99%
NATO Italy
99%
NATO Belgium
98%
NATO Denmark
97%
NATO United Kingdom
97%
NATO United States
97%
Capitalist Argentina
96%
NATO Netherlands
96%
NATO Portugal
96%
NATO Spain
96%
NATO West Germany
96%
Capitalist Australia
95%
NATO Norway
95%
NATO Turkey
95%
Capitalist Brazil
94%
NATO Iceland
94%
NATO Luxembourg
93%
Capitalist Chile
89%
Capitalist Egypt
89%
Capitalist Japan
88%
Capitalist Colombia
87%
Capitalist Mexico
86%
Capitalist Iran
85%
Capitalist Israel
85%
Capitalist New Zealand
85%
Capitalist Chad
84%
Capitalist Indonesia
84%
Capitalist Iraq
84%
Capitalist Philippines
84%
Capitalist Kenya
83%
Capitalist Morocco
83%
Capitalist Qatar
83%
Capitalist South Korea
83%
Capitalist Bahamas
82%
Capitalist Brunei
82%
Capitalist Dominican Republic
82%
Capitalist Jordan
82%
Capitalist Malaysia
82%
Capitalist Pakistan
82%
Capitalist Saudi Arabia
82%
Capitalist Ecuador
81%
Capitalist South Africa
81%
Capitalist Democratic Republic of the Congo
80%
Capitalist Thailand
79%
Communist China
78%
Capitalist Liberia
78%
Capitalist Taiwan
78%
Capitalist Venezuela
78%
Capitalist Belize
77%
Capitalist Ghana
77%
Capitalist Uruguay
77%
Capitalist Bolivia
76%
Communist Cuba
76%
Capitalist Haiti
76%
Capitalist Honduras
76%
Capitalist Oman
76%
Capitalist El Salvador
75%
Capitalist Guyana
75%
Communist North Korea
75%
Communist North Vietnam
75%
Capitalist Peru
75%
Warsaw Pact Albania
74%
Capitalist Costa Rica
74%
Capitalist Paraguay
74%
Warsaw Pact Poland
74%
Capitalist Tunisia
74%
Communist Mongolia
73%
Communist Somalia
73%
Capitalist Guatemala
72%
Communist Laos
72%
Communist Angola
71%
Warsaw Pact Bulgaria
71%
Capitalist Malawi
69%
Warsaw Pact Romania
69%
Capitalist South Vietnam
69%
Capitalist United Arab Emirates
69%
Warsaw Pact East Germany
68%
Capitalist Sudan
68%
Warsaw Pact Hungary
66%
Capitalist Suriname
66%
Greatest Communist Country USSR
66%
Communist Cambodia
65%
Capitalist Gambia
65%
Capitalist Senegal
65%
Communist Vietnam
65%
Communist Yugoslavia
65%
Communist Mozambique
62%
Warsaw Pact Czechoslovakia
61%
Capitalist North Yemen
58%
Communist Afghanistan
57%
Communist Ethiopia
55%
Communist South Yemen
54%
Communist Benin
42%
Communist Republic of the Congo
34%
No matching quizzes found
Score Distribution
Percent of People with Each Score
Percentile by Number Answered
Your Score History
You have not taken this quiz